000
00251nam a2200097Ia 4500
001
1116046
005
20250827004038.0
008
250824s9999 xx 000 0 und d
245
0
_a
FESLEĞEN F1 16
_c
HİKMET ANIL ÖZTEKİN
260
_b
DESTEK YAYINLARI
999
_c
1116046
_d
1116046